000 01991cam a22004694i 4500
003 PE-LiUPU
005 20250731172917.0
008 150617s r 000 0 d
035 _a(Sirsi) a18936
040 _aPE-LiUPU
_bspa
_cPE-LiUPU
_erda
049 _aPRUA
082 0 4 _a262.804
_bP28
_221
111 2 _aSimposio sobre la Tarea Teológica con que se enfrenta hoy la Iglesia
_d1966
_cChicago
245 1 4 _aLas cuestiones urgentes de la teología actual /
_ctraducción por Francisco de Moxó Montolin] ; edición preparada por T. Patrick Burks.
264 1 _aMadrid :
_bEditorial Razón y Fe,
_c1970.
300 _a251 páginas ;
_c20 cm
336 _atext
_2rdacontent
337 _aunmediated
_2rdamedia
338 _avolume
_2rdacarrier
504 _anotas bibliográficas.
505 0 _aTeología y Antropología -- Naturaleza y gracia -- Función de la fe en la autocomprensión humana -- El problema principal de hoy para la teología protestante -- La iglesias y el mundo -- Cristianismo y religiones no cristianas -- El marco del desacuerdo católico - protestante -- Libertad en la iglesia -- Religión institucionalizada -- Penetrando en el sentido de la presencia real.
526 _aSEG42
526 _aSEG41
526 _aSEG40
526 _aSEG39
526 _aP94
526 _aP87
526 _aP86
526 _aP85
526 _aP77
526 _aP76
526 _aP35
650 0 4 _aTeología
_ySiglo XX
_xCongresos y asambleas.
700 1 _aBurke, T. Patric,
_eeditor.
910 _ajck
_bjvq
_cjck
_d20150616
942 _2ddc
_cBOOK
949 _a262.804 P28
_wDEWEY
_c1
_i12629
_lCCODEBUL1
_mBUL
_p00.00
_r0
_sY
_tBOOK
_u19920922
_xTEOLOGIA
_PP35
_0COMPRA
_o.STAFF. Colección General
994 _aC0
_bPEPRU
596 _a1
999 _a262.804 P28
_wDEWEY
_c18683
_i12629
_f2021-11-12
_g4
_lCCODEBUL1
_mBUL
_r0
_sY
_tBOOK
_u2015-6-17
_xTEOLOGIA
_PP35
_0COMPRA
_o.STAFF. Colección General
_d18683
980 _81
_gALBERTO SANCHEZ Responsable de Automatización